000 00852cam a2200217 4500
001 WB3619-09
008 000000n2000 000 0 eng u
035 _a(Sirsi) u105985
245 _aForecasters remain optimistic on returns for 2000
260 _c2000
490 _aEstates Gazette
_v(0019) 13 May 2000, 59(1)
520 _aFindings of the Investment Property Forum's May forecasters' poll indicate direct property should produce respectable returns for investors in 2000, but will fall short of the 14.5% achieved in 1999. Table of results.
590 _aWB
650 _aRENTAL GROWTH
650 _aRENTAL GROWTH FORECASTS
650 _aINVESTMENT PROPERTY FORUM SURVEY
650 _aPROPERTY RETURNS
650 _aDIRECT PROPERTY
690 _aPROPERTY-COMMERCIAL PROPERTY-COMMERCIAL PROPERTY FINANCE AND INVESTMENT
942 _n0
999 _c63467
_d63467